[Event "Condigne Dutch Open 2018"]
[Site "Dieren"]
[Date "2018.08.02"]
[Round "9"]
[White "Zwirs, Nico"]
[Black "De Boer, Eelke"]
[Result "1-0"]
[WhiteElo "2386"]
[BlackElo "2317"]
[Annotator "TA"]
[PlyCount "87"]
[EventDate "2018.07.24"]
[EventType "swiss"]
[EventCountry "NED"]
[SourceTitle "playchess.com"]
[Source "ChessBase"]
[SourceQuality "1"]

{[%evp 16,87,42,28,35,38,42,26,88,64,69,80,80,30,41,0,0,0,0,0,72,81,70,63,72,52,103,41,91,84,78,34,37,36,644,621,640,629,643,641,633,626,625,610,592,586,558,548,1048,1041,983,942,5422,5514,5506,5506,5440,2570,5401,5401,2042,2254,29968,29968,29970,29970,29969,29969,29968,29968,29978,29979,29979,29980]} 1. d4 Nf6 2. g3 g6 3. Bg2 Bg7 4. e4 d6 5. Nc3 O-O 6. Nf3 c5 {B07: Pirc Defence: Miscellaneous Systems} (6... Na6 7. O-O c5 8. e5 Ne8 9. Be3 cxd4 10. Bxd4 Bg4 11. exd6 Qxd6 12. Bxg7 Kxg7 13. h3 Qxd1 14. Raxd1 Bxf3 15. Bxf3 {½-½ (97) Mamedov,R (2657)-Vovk,Y (2617) Berlin 2015}) 7. O-O Nc6 8. d5 Na5 9. Re1 {LiveBook: 3 Games} Rb8 10. a4 a6 11. Qe2 $146 ({Predecessor:} 11. e5 Ne8 12. Qe2 Nc7 13. Bf4 b5 14. exd6 exd6 15. axb5 Nxb5 {0-1 (30) Czyz,A (2042)-Popiol,M (1871) Rewal 2013}) 11... b5 (11... e6 $11) 12. axb5 axb5 13. e5 Ng4 14. exd6 exd6 15. Qe7 {Hoping for Qxd8.} Qxe7 16. Rxe7 Nc4 17. h3 Nge5 (17... Nf6 $11 {keeps the balance.}) 18. Nxe5 $16 Bxe5 19. Bh6 b4 20. Ne4 $1 $36 {[%mdl 2048] Rxe5 is the strong threat. White has the initiative.} Bxb2 ({Black should play} 20... Bf5 $1 $14) 21. Raa7 (21. Bxf8 $16 Bf5 22. Ra2 Rxf8 23. Nxd6 $1 {[%mdl 512]} Nxd6 24. Rxb2) 21... Bg7 22. Bxg7 Kxg7 23. Ng5 {Threatens to win with f4.} Ne5 24. f4 h6 $2 {[%mdl 8192] [#]} (24... Nd7 $14) 25. Ne6+ $1 $18 ({Not} 25. fxe5 hxg5 26. e6 (26. exd6 Bf5 $15) 26... c4 $16) 25... Bxe6 26. dxe6 Nc4 27. Rxf7+ Rxf7 28. Rxf7+ {[%mdl 4096] Endgame KRB-KRN} Kg8 29. Rc7 Ne3 30. Bc6 Nf5 31. e7 Ng7 32. Bd5+ Kh7 33. Rd7 Rh8 34. Rd8 Re8 35. Rxe8 Nxe8 {KB-KN} 36. Bc6 (36. Bf7 $142 Nc7 37. e8=Q Nxe8 38. Bxe8) 36... Nc7 37. e8=Q Nxe8 38. Bxe8 {KB-KP} c4 39. Bb5 {White mates.} d5 40. Kf2 Kg7 41. Ke3 Kf6 42. Kd4 g5 43. fxg5+ Kxg5 {[#]} 44. Bxc4 $1 {Precision: White = 72%, Black = 28%.} 1-0

[Event "Condigne Dutch Open 2018"]
[Site "Dieren"]
[Date "2018.08.02"]
[Round "9"]
[White "Buckels, Valentin"]
[Black "Loginov, Valery A"]
[Result "1/2-1/2"]
[WhiteElo "2353"]
[BlackElo "2493"]
[Annotator "TA"]
[PlyCount "49"]
[EventDate "2018.07.24"]
[EventType "swiss"]
[EventCountry "NED"]
[SourceTitle "playchess.com"]
[Source "ChessBase"]
[SourceQuality "1"]

{[%evp 22,49,70,72,97,59,58,59,61,48,49,35,57,50,63,60,70,46,50,43,57,62,57,69,71,34,36,35,49,28]} 1. d4 Nf6 2. Nf3 g6 3. c4 Bg7 4. g3 O-O 5. Bg2 d6 6. O-O c6 7. Nc3 Bf5 8. Ng5 {E62: King's Indian: Fianchetto: 6...c6 and Panno Variation (6...Nc6) without ...a6} (8. Nd2 e5 9. d5 Qc8 10. e4 Bg4 11. f3 Bd7 12. Nb3 a5 13. a4 Na6 14. Be3 Nb4 15. Rf2 Qd8 16. dxc6 Bxc6 {0-1 (40) Ding,L (2791)-Caruana,F (2822) Stavanger 2018}) 8... h6 9. e4 Bg4 10. f3 Bd7 11. Nh3 e5 12. Be3 {LiveBook: 3 Games} Qb6 13. Na4 {[%cal Bc3a4,Ba4c5,Bc5d3][%mdl 32]} Qa5 $146 ({Predecessor:} 13... Qc7 14. Qd2 Kh7 15. dxe5 dxe5 16. Nc5 b6 17. Nxd7 Nbxd7 18. Rfd1 Nc5 19. Qd6 Ne6 {½-½ (19) Nicolas Zapata,I (2267)-Paunovic,D (2497) La Roda 2014}) 14. dxe5 dxe5 15. Nc5 Bc8 16. Qc1 Kh7 17. Nd3 Nbd7 18. Nhf2 Re8 19. Qc2 Nf8 20. Bd2 {[%cal Be3d2,Bd2c3,Bc3b2][%mdl 32]} Qc7 21. Bc3 Nh5 22. b4 Be6 23. Bb2 Rad8 24. Rad1 f6 25. Ng4 {Precision: White = 64%, Black = 58%.} 1/2-1/2

[Event "Condigne Dutch Open 2018"]
[Site "Dieren"]
[Date "2018.08.02"]
[Round "9"]
[White "Geurink, Jasper"]
[Black "Sparenberg, Erik"]
[Result "1/2-1/2"]
[WhiteElo "2348"]
[BlackElo "2173"]
[Annotator "NA"]
[PlyCount "82"]
[EventDate "2018.07.24"]
[EventType "swiss"]
[EventCountry "NED"]
[SourceTitle "playchess.com"]
[Source "ChessBase"]
[SourceQuality "1"]
[TimeControl "40/5400+30:1800+30"]

1. e4 {[%emt 0:00:00]} g6 {[%emt 0:00:00]} 2. d4 {[%emt 0:00:00]} Bg7 {[%emt 0:00:00]} 3. c3 {[%emt 0:00:00]} d6 {[%emt 0:00:34]} 4. Nf3 {[%emt 0:00:00]} Nf6 {[%emt 0:01:20]} 5. Bd3 {[%emt 0:00:00]} O-O {[%emt 0:00:27]} 6. O-O {[%emt 0:00:05]} Nbd7 {[%emt 0:01:01]} 7. Re1 {[%emt 0:00:41]} e5 {[%emt 0:00:07]} 8. d5 {[%emt 0:00:06]} Nh5 {[%emt 0:18:18]} 9. Bf1 {[%emt 0:03:15]} Qe8 {[%emt 0:04:26]} 10. c4 {[%emt 0:03:27]} f5 {[%emt 0:08:11]} 11. exf5 {[%emt 0:01:13]} gxf5 {[%emt 0:00:03]} 12. Ng5 {[%emt 0:00:18]} Ndf6 {[%emt 0:06:49]} 13. c5 {[%emt 0:03:54]} dxc5 {[%emt 0:10:29]} 14. Qb3 {[%emt 0:02:32]} b6 {[%emt 0:09:19]} 15. Bb5 {[%emt 0:03:09]} Qg6 {[%emt 0:03:50]} 16. Bc6 {[%emt 0:01:59]} Rb8 {[%emt 0:00:55]} 17. Nc3 {[%emt 0:09:09]} Kh8 {[%emt 0:05:04]} 18. Ne6 {[%emt 0:02:24]} Rg8 {[%emt 0:01:27]} 19. g3 {[%emt 0:00:34]} Ng4 {[%emt 0:02:21]} 20. Ne2 {[%emt 0:03:42]} Bxe6 {[%emt 0:03:44]} 21. dxe6 {[%emt 0:00:07]} e4 {[%emt 0:00:58]} 22. Nf4 {[%emt 0:05:37]} Nxf4 {[%emt 0:00:54]} 23. Bxf4 {[%emt 0:00:05]} Bd4 {[%emt 0:00:28]} 24. Kg2 {[%emt 0:00:21]} Qh5 {[%emt 0:02:49]} 25. h4 {[%emt 0:03:07]} Nxf2 {[%emt 0:00:23]} 26. Rad1 {[%emt 0:00:21]} Nxd1 {[%emt 0:03:42]} 27. Rxd1 {[%emt 0:00:07]} Qe2+ {[%emt 0:03:52]} 28. Kh1 {[%emt 0:00:23]} Rg4 {[%emt 0:04:30]} 29. Bb5 {[%emt 0:01:40]} Qf2 {[%emt 0:03:45]} 30. Rf1 {[%emt 0:01:13]} Qxb2 {[%emt 0:00:20]} 31. Qxb2 {[%emt 0:01:25]} Bxb2 {[%emt 0:00:02]} 32. Bxc7 {[%emt 0:01:36]} Rc8 {[%emt 0:01:11]} 33. e7 {[%emt 0:00:28]} Rgg8 {[%emt 0:00:35]} 34. Bd6 {[%emt 0:00:06]} c4 {[%emt 0:03:33]} 35. Rxf5 {[%emt 0:00:09]} Bg7 {[%emt 0:00:01]} 36. Bd7 {[%emt 0:05:54]} Ra8 {[%emt 0:01:45]} 37. Re5 {[%emt 0:01:07]} c3 {[%emt 0:00:33]} 38. Rxe4 {[%emt 0:00:05]} Rge8 {[%emt 0:00:37]} 39. Rc4 {[%emt 0:00:27]} Bf6 {[%emt 0:00:17]} 40. Bxe8 {[%emt 0:01:12]} Rxe8 {[%emt 0:00:03]} 41. Bb4 {[%emt 0:30:08]} Kg7 {[%emt 0:31:15]} 1/2-1/2

[Event "Condigne Dutch Open 2018"]
[Site "Dieren"]
[Date "2018.08.02"]
[Round "9"]
[White "Wiersma, Eelke"]
[Black "Zwirs, Jasper"]
[Result "1/2-1/2"]
[WhiteElo "2346"]
[BlackElo "2124"]
[Annotator "NA"]
[PlyCount "29"]
[EventDate "2018.07.24"]
[EventType "swiss"]
[EventCountry "NED"]
[SourceTitle "playchess.com"]
[Source "ChessBase"]
[SourceQuality "1"]
[TimeControl "40/5400+30:1800+30"]

1. e4 {[%emt 0:00:00]} c5 {[%emt 0:00:00]} 2. Nf3 {[%emt 0:00:00]} d6 {[%emt 0:00:00]} 3. Bb5+ {[%emt 0:00:02]} Nc6 {[%emt 0:01:04]} 4. Bxc6+ {[%emt 0:00:21]} bxc6 {[%emt 0:00:06]} 5. O-O {[%emt 0:00:07]} Bg4 {[%emt 0:11:07]} 6. h3 {[%emt 0:01:01]} Bh5 {[%emt 0:02:06]} 7. e5 {[%emt 0:00:11]} e6 {[%emt 0:01:38]} 8. exd6 {[%emt 0:00:31]} Bxd6 {[%emt 0:00:28]} 9. d3 {[%emt 0:00:29]} Nf6 {[%emt 0:00:59]} 10. Nbd2 {[%emt 0:00:11]} O-O {[%emt 0:04:03]} 11. Qe2 {[%emt 0:01:04]} Qc7 {[%emt 0:23:06]} 12. Nc4 {[%emt 0:06:52]} Rae8 {[%emt 0:02:36]} 13. Bd2 {[%emt 0:22:38]} e5 {[%emt 0:10:13]} 14. Rad1 {[%emt 0:01:22]} Nd5 {[%emt 0:13:02]} 15. g4 {[%emt 0:06:24]} 1/2-1/2

[Event "Condigne Dutch Open 2018"]
[Site "Dieren"]
[Date "2018.08.02"]
[Round "9"]
[White "Maris, Ivo"]
[Black "Warmerdam, Max"]
[Result "1/2-1/2"]
[WhiteElo "2342"]
[BlackElo "2424"]
[Annotator "TA"]
[PlyCount "72"]
[EventDate "2018.07.24"]
[EventType "swiss"]
[EventCountry "NED"]
[SourceTitle "playchess.com"]
[Source "ChessBase"]
[SourceQuality "1"]

{[%evp 19,72,0,44,0,20,26,39,0,-4,-4,0,-38,-48,-40,-38,-38,-49,-37,-41,-46,-30,-29,-22,-32,-29,-80,-18,-8,-18,-61,-51,-58,-64,-84,-58,-101,-101,-94,-101,-104,-92,-97,-97,-102,0,0,0,0,0,0,0,0,0,0,0]} 1. c4 g6 2. Nc3 Bg7 3. g3 Nf6 4. Bg2 O-O 5. e4 e5 6. Nge2 d6 7. O-O c6 8. d3 a6 9. h3 b5 {A24: English Opening vs King's Indian: Lines without ...Nc6} 10. Be3 Bb7 {LiveBook: 4 Games} (10... Nbd7 11. Qd2 Rb8 12. b3 b4 13. Na4 c5 14. Rae1 Ne8 15. f4 exf4 16. gxf4 f5 17. exf5 Rxf5 {½-½ (58) Wang,Y (2723)-Kamsky,G (2721) Beijing 2013}) 11. f4 Nbd7 12. f5 Rb8 $146 ({Predecessor:} 12... d5 13. exd5 cxd5 14. cxb5 Rb8 15. d4 axb5 16. fxg6 hxg6 17. dxe5 Nxe5 18. Bd4 Ne4 19. Nxb5 Ba6 20. a4 Bxb5 21. axb5 Rxb5 22. Kh2 {½-½ (22) Clifford,J-Slinger,A BFCC corr 2001}) 13. g4 d5 $1 {[%cal Rd5d4]} 14. cxd5 cxd5 15. g5 d4 16. gxf6 Nxf6 17. Bg5 {[#] Threatens to win with Nd5.} dxc3 18. bxc3 Qb6+ 19. Kh2 h6 20. Bh4 Rbd8 {...g5 is the strong threat.} 21. Qc2 Rd7 22. Rf3 (22. Rad1 $11) 22... Rc8 (22... g5 $17 23. Be1 g4 24. hxg4 Nxg4+ 25. Kh3 h5) 23. fxg6 fxg6 24. Raf1 {[%cal Rh4f6]} Nh5 25. Qb3+ Kh7 26. Rf7 Rcc7 (26... Rxd3 {[#]} 27. Bf6 $1 $11 {[%mdl 512]}) 27. Rf8 Bxf8 28. Rxf8 {[%csl Gf8][%cal Rb3g8]} Rg7 29. Bd8 Qd6 30. Bxc7 Qxf8 31. Bxe5 Qf2 ({Better is} 31... Rd7 $17 32. Qd1 Qc5) 32. Bxg7 $11 {The position is equal.} Nf4 33. Nxf4 Qxf4+ 34. Kg1 {aiming for Bd4.} Qe3+ 35. Kh1 {Qf7 would kill now.} Qc1+ 36. Kh2 {White wants to mate with Be5.} Qf4+ {Precision: White = 50%, Black = 64%.} 1/2-1/2

[Event "Condigne Dutch Open 2018"]
[Site "Dieren"]
[Date "2018.08.02"]
[Round "9"]
[White "Van Osch, Mees"]
[Black "Miedema, David"]
[Result "1/2-1/2"]
[WhiteElo "2324"]
[BlackElo "2370"]
[Annotator "NA"]
[PlyCount "136"]
[EventDate "2018.07.24"]
[EventType "swiss"]
[EventCountry "NED"]
[SourceTitle "playchess.com"]
[Source "ChessBase"]
[SourceQuality "1"]
[TimeControl "40/5400+30:1800+30"]

1. e4 {[%emt 0:00:00]} e6 {[%emt 0:04:12]} 2. d4 {[%emt 0:00:00]} d5 {[%emt 0:00:03]} 3. Nc3 {[%emt 0:00:00]} Bb4 {[%emt 0:00:04]} 4. Nge2 {[%emt 0:00:00]} dxe4 {[%emt 0:00:05]} 5. a3 {[%emt 0:00:00]} Bxc3+ {[%emt 0:00:02]} 6. Nxc3 {[%emt 0:00:00] LiveBook: 451 Games} Nc6 {[%emt 0:00:03]} 7. d5 {[%emt 0:00:02]} exd5 {[%emt 0:00:05]} 8. Qxd5 {[%emt 0:00:04]} Be6 {[%emt 0:00:04] C15: French: 3 Nc3 Bb4: Unusual White 4th moves} 9. Qxe4 {[%emt 0:00:05]} Nf6 {[%emt 0:00:03]} 10. Qa4 {[%emt 0:00:03]} (10. Qh4 Qd4 11. Qxd4 Nxd4 12. Bd3 Bf5 13. Bxf5 Nxf5 14. Bg5 O-O-O 15. O-O Rhe8 16. Bxf6 gxf6 {½-½ (40) Kulaots,K (2577)-Cuenca Jimenez,J (2513) Lund 2017}) 10... Qe7 {[%emt 0:00:50]} 11. Be2 {[%emt 0:01:06]} Nd5 $146 {[%emt 0:32:42]} ({Predecessor:} 11... Bg4 12. f3 Be6 13. Bd2 Qc5 14. O-O-O O-O 15. Qb5 Qe7 16. Bg5 {½-½ (57) Kachibadze,G (1977)-Teschke,O (2228) Berlin 2006}) 12. Bd2 {[%emt 0:12:24]} Nb6 {[%emt 0:00:14]} 13. Qf4 {[%emt 0:01:35]} O-O-O {[%emt 0:58:03]} 14. O-O-O {[%emt 0:03:35]} Nd4 {[%emt 0:00:00]} 15. Rhe1 {[%emt 0:04:24]} Nxe2+ {[%emt 0:00:00]} 16. Rxe2 {[%emt 0:00:29]} Qc5 {[%emt 0:00:00]} 17. Be3 {[%emt 0:15:42]} Rxd1+ {[%emt 0:00:00]} 18. Kxd1 {[%emt 0:00:13]} Nd5 {[%emt 0:00:00]} 19. Qd4 {[%emt 0:21:36]} Nxe3+ {[%emt 0:00:00]} 20. Qxe3 {[%emt 0:00:04]} Rd8+ {[%emt 0:00:00]} 21. Kc1 {[%emt 0:01:31]} Qd4 {[%emt 0:00:00]} 22. Rd2 {[%emt 0:04:06]} Qxe3 {[%emt 0:00:00]} 23. fxe3 {[%emt 0:00:18]} Re8 {[%emt 0:00:00]} 24. e4 {[%emt 0:00:29]} f6 {[%emt 0:00:00]} 25. Kd1 {[%emt 0:03:56]} Bg4+ {[%emt 0:00:00]} 26. Ke1 {[%emt 0:00:04]} f5 {[%emt 0:00:00]} 27. Kf2 {[%emt 0:01:21]} f4 {[%emt 0:00:00]} 28. g3 {[%emt 0:06:29]} fxg3+ {[%emt 0:00:00]} 29. Kxg3 {[%emt 0:00:05]} Bd7 {[%emt 0:00:00]} 30. Kf4 {[%emt 0:01:10]} Rf8+ {[%emt 0:00:00]} 31. Ke3 {[%emt 0:03:11]} Be6 {[%emt 0:00:00]} 32. Nb5 {[%emt 0:08:56]} a6 {[%emt 0:00:00]} 33. Nd4 {[%emt 0:00:04]} Bh3 {[%emt 0:00:00]} 34. b4 {[%emt 0:03:53]} b6 {[%emt 0:03:32]} 35. c4 {[%emt 0:00:59]} Rf1 {[%emt 0:03:08]} 36. e5 {[%emt 0:07:26]} Rc1 {[%emt 0:02:26]} 37. Rf2 {[%emt 0:02:01]} c5 {[%emt 0:00:53]} 38. bxc5 {[%emt 0:00:50]} bxc5 {[%emt 0:00:04]} 39. Ne2 {[%emt 0:00:24]} Rxc4 {[%emt 0:00:14]} 40. Rf7 {[%emt 0:00:47]} Ra4 {[%emt 0:02:20]} 41. Nf4 $11 {[%emt 0:01:23]} Rxa3+ {[%emt 0:09:03]} 42. Ke4 {[%emt 0:02:04]} c4 {[%emt 0:05:02]} 43. e6 {[%emt 0:03:50]} c3 {[%emt 0:04:23]} 44. Rf8+ {[%emt 0:07:34]} Kc7 {[%emt 0:03:23]} 45. e7 {[%emt 0:03:22]} Bd7 {[%emt 0:00:45]} 46. Nd5+ {[%emt 0:00:50]} Kd6 {[%emt 0:00:45]} 47. Rd8 {[%emt 0:02:16]} Ke6 {[%emt 0:03:52]} 48. e8=Q+ {[%emt 0:01:06]} Bxe8 {[%emt 0:00:06]} 49. Rxe8+ {[%emt 0:00:04]} Kd7 {[%emt 0:00:05]} 50. Rf8 {[%emt 0:02:57]} c2 {[%emt 0:00:29]} 51. Rf1 {[%emt 0:00:24]} Rh3 {[%emt 0:00:51]} 52. Rc1 {[%emt 0:01:17]} Rxh2 {[%emt 0:00:05]} 53. Ne3 {[%emt 0:00:05]} Ke6 {[%emt 0:00:09]} 54. Nxc2 {[%emt 0:00:19]} Rh4+ {[%emt 0:00:07]} 55. Kd3 {[%emt 0:01:05]} Ra4 {[%emt 0:00:26]} 56. Ne3 {[%emt 0:00:54]} h5 {[%emt 0:00:49]} 57. Rc6+ {[%emt 0:00:09]} Kf7 {[%emt 0:00:37]} 58. Nf5 {[%emt 0:01:04]} g6 {[%emt 0:01:26]} 59. Nd6+ {[%emt 0:00:17]} Kg7 {[%emt 0:01:31]} 60. Rc7+ {[%emt 0:01:16]} Kf6 {[%emt 0:00:11]} 61. Ne4+ {[%emt 0:01:44]} Kf5 {[%emt 0:01:22]} 62. Rf7+ {[%emt 0:00:14]} Ke6 {[%emt 0:00:12]} 63. Rg7 {[%emt 0:02:02]} Ke5 {[%emt 0:02:21]} 64. Re7+ {[%emt 0:00:30]} Kf4 {[%emt 0:00:31]} 65. Rf7+ {[%emt 0:00:07]} Kg4 {[%emt 0:01:20]} 66. Rg7 {[%emt 0:00:59]} Ra3+ {[%emt 0:00:29]} 67. Kd4 {[%emt 0:00:21]} Kf3 {[%emt 0:00:27]} 68. Rf7+ {[%emt 0:01:34]} Kg4 {[%emt 0:00:49]} 1/2-1/2

[Event "Condigne Dutch Open 2018"]
[Site "Dieren"]
[Date "2018.08.02"]
[Round "9"]
[White "Saravanan, V.."]
[Black "De Jong, Tom"]
[Result "1-0"]
[WhiteElo "2323"]
[BlackElo "2201"]
[Annotator "TA"]
[PlyCount "59"]
[EventDate "2018.07.24"]
[EventType "swiss"]
[EventCountry "NED"]
[SourceTitle "playchess.com"]
[Source "ChessBase"]
[SourceQuality "1"]

{[%evp 27,59,31,58,29,98,88,87,90,97,89,100,93,100,92,149,91,429,419,383,430,397,427,413,412,401,402,396,397,621,535,553,302,2023,1961]} 1. d4 Nf6 2. c4 g6 3. Nc3 Bg7 4. e4 O-O 5. Nf3 d6 6. Be2 e5 7. Be3 exd4 8. Nxd4 Re8 9. f3 Nc6 10. O-O Nh5 11. Qd2 f5 12. Nxc6 bxc6 13. Bg5 Bf6 {E94: Königsindisch (Klassisches System)} 14. Bxf6 Qxf6 {LiveBook: 4 Partien} (14... Nxf6 15. Bd3 fxe4 16. Bxe4 Nxe4 17. fxe4 Qe7 18. Rf3 Bg4 19. Rf4 Be6 20. b3 Qg7 21. Raf1 {1-0 (70) Pacher,M (2444)-Schippers,M (2309) Prague 2018}) 15. exf5 (15. g4 $5 {[%cal Rg4h5]} Ng7 16. exf5 $14) 15... gxf5 (15... Qxf5 $11 {bleibt in der Remisbreite.} 16. Bd3 Qc5+ 17. Kh1 Bd7) 16. f4 $16 Ng7 17. Bf3 Bb7 $146 ({Vorgänger:} 17... Bd7 18. Rad1 Rab8 19. Rf2 Re7 20. b4 Qf7 21. b5 {1-0 (36) Titz,H (2305)-Vombek,D (2300) Austria 1996}) 18. Rfe1 Ne6 19. Rad1 Re7 20. Re2 Rg7 (20... Rae8 $142) 21. Rde1 (21. b4 $142) 21... Nd4 $2 {[%mdl 8192] [#]} (21... Qd4+ $16 22. Qxd4 Nxd4 23. Re8+ Rxe8 24. Rxe8+ Kf7 25. Bh5+ Kf6) 22. Re8+ $18 Rxe8 23. Rxe8+ Kf7 24. Bh5+ Rg6 25. Rb8 Ba6 26. Bxg6+ hxg6 27. b3 Qe6 (27... Ne6 $142 28. Ra8 Nc5) 28. Kf2 c5 29. Qe3 Qd7 $2 {[#]} (29... Qxe3+ 30. Kxe3 Nc6) 30. Qh3 {Precision: Weiß = 53%, Schwarz = 26%.} 1-0

[Event "Condigne Dutch Open 2018"]
[Site "Dieren"]
[Date "2018.08.02"]
[Round "9"]
[White "Van Meegen, Ruud"]
[Black "Beukema, Stefan"]
[Result "0-1"]
[WhiteElo "2222"]
[BlackElo "2404"]
[Annotator "TA"]
[PlyCount "74"]
[EventDate "2018.07.24"]
[EventType "swiss"]
[EventCountry "NED"]
[SourceTitle "playchess.com"]
[Source "ChessBase"]
[SourceQuality "1"]

{[%evp 16,74,54,35,46,17,13,3,41,29,53,43,46,39,55,52,39,41,191,75,79,90,114,94,103,97,108,100,111,93,128,65,58,52,75,78,55,-8,114,-16,-31,-20,-18,-151,-159,-150,-145,-144,-143,-250,-209,-314,-327,-331,-331,-317,-316,-807,-816,-798,-499]} 1. d4 {Gutman,L} f5 2. g3 d6 3. Nf3 Nf6 4. Bg2 g6 5. O-O Bg7 6. b3 O-O 7. Bb2 Qe8 8. c4 Na6 9. Qc2 {LiveBook: 61 Games} Bd7 {A87: Dutch Defence: Leningrad System: 5 Nf3} 10. Nbd2 c5 11. a3 Rb8 {The position is equal.} 12. Rac1 b5 $146 ({Predecessor:} 12... cxd4 13. Bxd4 b6 14. Ba1 e5 15. b4 e4 16. Nd4 Rc8 17. c5 dxc5 {0-1 (37) Gerstner,B (2190)-Malaniuk,V (2582) Bad Woerishofen 2010 CBM 135 Extra [Gutman,L]}) 13. dxc5 Nxc5 14. cxb5 Bxb5 15. Nd4 Bd7 16. b4 Na4 (16... Nce4 $1 $14) 17. Ba1 (17. Nc6 $18 {and the rest is easy.} Nxb2 18. Nxb8 (18. Qxb2 Rb6 $11) 18... Qxb8 19. Qxb2) 17... Nb6 18. Nc6 Rc8 19. Qb3+ d5 20. Nxa7 Rxc1 21. Rxc1 Qa8 22. Rc7 {aiming for Bxf6.} e6 23. Qe3 ({White should try} 23. Bxf6 $16 Rxf6 24. Qe3) 23... Qb8 $14 24. Rxd7 Nbxd7 25. Qxe6+ Kh8 26. Nc6 ({Better is} 26. Bd4 $1 $14) 26... Qb5 {[#]} (26... Qc7 $11 27. b5 Re8) 27. Nf3 ({White should play} 27. Bf1 $1 $16) 27... Re8 $11 28. Ne7 {Black must now prevent Ng5.} Qb6 $1 {[%cal Rb6e6]} 29. Qxb6 (29. Qf7 $11 Qd6 30. Nxg6+ hxg6 31. Bf1 (31. Nh4 $2 Rxe2 32. Bf1 Re1 $17)) 29... Nxb6 $17 30. Nc6 Rxe2 31. Bd4 Nfd7 32. a4 (32. Kf1 $17 Ra2 33. Nfe5) 32... Nxa4 33. Kf1 (33. Be3 {might work better.}) 33... Rc2 $19 34. Nfe5 Nxe5 35. Nxe5 Rd2 36. Be3 $2 {[#]} (36. Nf3 Rxd4 37. Nxd4 Bxd4 38. Bxd5) 36... Rd1+ 37. Ke2 Nc3+ {Precision: White = 27%, Black = 64%.} 0-1